[Event "URS-FL"]
[Site "Lvov"]
[Date "1987.??.??"]
[Round "?"]
[White "Malisauskas, Vidmantas"]
[Black "Romanishin, Oleg M"]
[Result "1/2-1/2"]
[WhiteElo "2325"]
[BlackElo "2555"]

1.e4 c5 2.Nf3 d6 3.d4 cxd4 4.Nxd4 Nf6 5.Nc3 Nc6 6.Bg5 Bd7 7.Qd2 Rc8 8.Nb3 h6
9.Bxf6 gxf6 10.O-O-O f5 11.Bd3 fxe4 12.Nxe4 Bg7 13.Ng3 h5 14.Rhe1 Kf8 15.f4 a5
16.Kb1 a4 17.Nc1 Qb6 18.c3 a3 19.b3 Nb4 20.Nce2 Nd5 21.Rc1 Qe3 22.Qxe3 Nxe3
23.Be4 Bc6 24.Bxc6 Rxc6 25.Rg1 b5 26.Nf1 Nd5 27.Nd2 Rxc3 28.Nf3 Rxc1+ 29.Rxc1 Bb2
30.Rc6 Ke8 31.Nfd4 Kd7 32.Ra6 Rc8 33.Nxb5 Nxf4 34.Ra7+ Kd8 35.Nbd4 e5 36.Rxf7 exd4
37.Rf8+ Kd7 38.Rxc8 Nxe2 39.Ra8 d3  1/2-1/2

[Event "Munich zt"]
[Site "Munich"]
[Date "1987.??.??"]
[Round "?"]
[White "Lau, Ralf"]
[Black "Lobron, Eric"]
[Result "1-0"]
[WhiteElo "2535"]
[BlackElo "2535"]

1.e4 c5 2.Nf3 d6 3.d4 cxd4 4.Nxd4 Nf6 5.Nc3 Nc6 6.Bg5 e6 7.Qd2 a6 8.O-O-O h6
9.Bf4 Bd7 10.Nxc6 Bxc6 11.Qe1 Be7 12.Kb1 Qc7 13.f3 Rd8 14.Bd3 Rd7 15.h4 b5
16.e5 dxe5 17.Bxe5 Qb7 18.Qg3 O-O 19.Ne4 Bxe4 20.fxe4 Rfd8 21.Rdf1 Ne8 22.Bf4 Kh8
23.e5 Bf8 24.Bg5 Rc8 25.Bc1 Rcd8 26.Rf3 Bc5 27.Rhf1 b4 28.h5 a5 29.Bg6 f5
30.exf6 Nxf6 31.Bd3 a4 32.Qg6 Bd4 33.g4 b3 34.axb3 axb3 35.cxb3 Ra8 36.g5 Qxb3
37.gxf6 Qa2+ 38.Kc2 Rc8+ 39.Kd1 Rxc1+ 40.Kxc1 Rc7+ 41.Kd1  1-0

[Event "Munich zt"]
[Site "Munich"]
[Date "1987.??.??"]
[Round "?"]
[White "Lobron, Eric"]
[Black "Zueger, Beat"]
[Result "1-0"]
[WhiteElo "2535"]
[BlackElo "2400"]

1.e4 c5 2.Nf3 Nc6 3.d4 cxd4 4.Nxd4 Nf6 5.Nc3 d6 6.Bg5 e6 7.Qd2 Be7 8.O-O-O O-O
9.Nb3 a6 10.Kb1 Ne8 11.Bxe7 Qxe7 12.Bd3 b5 13.Rhe1 Bb7 14.f4 f6 15.Qf2 Nc7
16.Qh4 g5 17.Qg3 Kh8 18.Nd5 exd5 19.exd5 Ne5 20.fxe5 fxe5 21.Be4 a5 22.Qe3 a4
23.Nc5 Rab8 24.a3 Bc8 25.Nd3 Na6 26.c3 Bg4 27.Rc1 Rbc8 28.Rf1 Nc5 29.Rxf8+ Rxf8
30.Nxc5 dxc5 31.Re1 Re8 32.h3 Bh5 33.Qd3 c4 34.Qe3 Rd8 35.Qb6 Be8 36.Bf3 Kg7
37.Qe3 Bg6+ 38.Ka1 e4 39.Bxe4 Re8 40.Qd4+ Qf6 41.Qxf6+ Kxf6 42.Rf1+ Kg7 43.Bxg6 Kxg6
44.d6 Rd8 45.Rd1 Kf5 46.Rd5+ Kf4 47.Rxb5 Rxd6 48.Rc5 h5 49.Rxc4+ Kg3 50.Rd4 Rg6
51.Rd2 g4 52.hxg4 hxg4 53.c4 Kf4 54.c5 g3 55.Rc2 Rc6 56.Rc3  1-0

[Event "New York op"]
[Site "New York"]
[Date "1987.??.??"]
[Round "?"]
[White "Hellers, Ferdinand"]
[Black "Hansen, Curt"]
[Result "0-1"]
[WhiteElo "2465"]
[BlackElo "2540"]

1.e4 c5 2.Nf3 d6 3.d4 cxd4 4.Nxd4 Nf6 5.Nc3 Nc6 6.Bg5 e6 7.Qd2 a6 8.O-O-O h6
9.Be3 Be7 10.f4 Nxd4 11.Qxd4 O-O 12.Be2 Qa5 13.Qb6 Qxb6 14.Bxb6 e5 15.Bc7 exf4
16.Bxd6 Bxd6 17.Rxd6 b5 18.e5 Nd7 19.Bf3 Ra7 20.Re1 Nc5 21.Nd5 Ne6 22.Nb4 g5
23.Red1 Kg7 24.Rb6 h5 25.Bxh5 Rh8 26.Bf3 Rxh2 27.Rb8 Rh8 28.Rd6 Rc7 29.Nxa6 Rh1+
30.Kd2 Bxa6 31.Rxa6 Nd4 32.Be4 Rc5 33.Rd6 Ne6 34.Rd5 Rh2 35.Ke1 g4 36.Rxb5 Rc4
37.Bd3 Ra4 38.Kf1 f3 39.gxf3 g3 40.Kg1 Rah4  0-1

[Event "New York op"]
[Site "New York"]
[Date "1987.??.??"]
[Round "?"]
[White "Murrey, Jacob"]
[Black "Zueger, Beat"]
[Result "1-0"]
[WhiteElo "2505"]
[BlackElo "2405"]

1.e4 c5 2.Nf3 Nc6 3.d4 cxd4 4.Nxd4 Nf6 5.Nc3 d6 6.Bg5 e6 7.Qd2 a6 8.O-O-O h6
9.Be3 Be7 10.f3 Nxd4 11.Bxd4 b5 12.Kb1 Bb7 13.Bxf6 gxf6 14.Bd3 Qb6 15.Rhe1 O-O-O
16.a4 b4 17.Nd5 exd5 18.exd5 Rde8 19.Re4 Bd8 20.Rxb4 Qa5 21.Bf5+ Kb8 22.Bd7 Re7
23.Bc6 Bb6 24.Qf4 Bc5 25.Rb3 Rc8 26.Qxf6 Rcc7 27.Bxb7  1-0

[Event "New York op"]
[Site "New York"]
[Date "1987.??.??"]
[Round "?"]
[White "Campora, Daniel H"]
[Black "Wilder, Michael"]
[Result "1/2-1/2"]
[WhiteElo "2550"]
[BlackElo "2485"]

1.e4 c5 2.Nf3 d6 3.d4 cxd4 4.Nxd4 Nf6 5.Nc3 Nc6 6.Bg5 e6 7.Qd2 a6 8.O-O-O h6
9.Be3 Be7 10.f3 Nxd4 11.Bxd4 e5 12.Be3 Be6 13.Kb1 Rc8 14.g4 Qa5 15.Nd5 Qxd2
16.Rxd2 Nxd5 17.exd5 Bd7 18.h4 f5 19.Rg2 fxg4 20.fxg4 Bb5 21.Bxb5+ axb5 22.c3 O-O
23.g5 hxg5 24.hxg5 Rf3 25.g6 Rcf8 26.Kc2 Rxe3 27.Rgh2 Bh4 28.Rxh4 Rf2+ 29.Kb3 Kf8
30.Rb4 Ree2 31.Ka3 Ke7 32.Rxb5 Kf6 33.Rxb7 Kxg6 34.Rg1+ Kf5 35.Rgxg7 Ke4
36.Rg6 Kxd5 37.Rb6 e4 38.Rgxd6+ Ke5 39.Re6+ Kf4 40.Rf6+ Ke3 41.Rxf2 Rxf2
42.b4 Kd2 43.Re6 e3 44.Kb3 e2 45.a4 Rf3 46.Rxe2+ Kxe2 47.b5 Kd3 48.a5 Rf1
49.Kb4 Rf4+ 50.Kc5 Rf5+ 51.Kb4  1/2-1/2

[Event "New York op"]
[Site "New York"]
[Date "1987.??.??"]
[Round "?"]
[White "Byrne, Robert E"]
[Black "Zaltsman, Vitaly F"]
[Result "1/2-1/2"]
[WhiteElo "2495"]
[BlackElo "2430"]

1.e4 c5 2.Nf3 Nc6 3.d4 cxd4 4.Nxd4 Nf6 5.Nc3 d6 6.Bg5 e6 7.Qd2 a6 8.O-O-O h6
9.Bf4 Bd7 10.Nxc6 Bxc6 11.f3 d5 12.Qe1 Bb4 13.a3 Ba5 14.exd5 Nxd5 15.Bd2 Nxc3
16.Bxc3 Qg5+ 17.Kb1 Bxc3 18.Qxc3 O-O 19.Bd3 Rfd8 20.Rhf1 Rd7 21.g3  1/2-1/2

[Event "New York op"]
[Site "New York"]
[Date "1987.??.??"]
[Round "?"]
[White "Hellers, Ferdinand"]
[Black "Whitehead, Jay E"]
[Result "1-0"]
[WhiteElo "2465"]
[BlackElo "2420"]

1.e4 c5 2.Nf3 Nc6 3.d4 cxd4 4.Nxd4 Nf6 5.Nc3 d6 6.Bg5 e6 7.Qd2 Be7 8.O-O-O O-O
9.Nb3 Qb6 10.f3 Rd8 11.Be3 Qc7 12.Qf2 Nd7 13.Nb5 Qb8 14.g4 a6 15.N5d4 Nde5
16.h4 Bd7 17.g5 b5 18.h5 Nc4 19.Nxc6 Bxc6 20.Nd4 Nxe3 21.Qxe3 Qb6 22.g6 e5
23.Qb3 Be8 24.Nf5 Bg5+ 25.Kb1 d5 26.gxh7+ Kh8 27.exd5 Qc5 28.d6 Qf2 29.Bh3 Ra7
30.Nxg7 Kxg7 31.Rhg1 Qh4 32.Qe3 Kxh7 33.Bf5+ Kh6 34.Qxa7 Qf4 35.d7 Qxf5 36.Qxa6+ f6
37.dxe8=Q Rxe8 38.Qxb5 Rc8 39.Qb3  1-0

[Event "URS-ch otbor"]
[Site "Norilsk"]
[Date "1987.??.??"]
[Round "?"]
[White "Malisauskas, Vidmantas"]
[Black "Epishin, Vladimir"]
[Result "1/2-1/2"]
[WhiteElo "2325"]
[BlackElo "2430"]

1.e4 c5 2.Nf3 d6 3.d4 cxd4 4.Nxd4 Nf6 5.Nc3 Nc6 6.Bg5 e6 7.Qd2 a6 8.O-O-O h6
9.Be3 Be7 10.Be2 Nxd4 11.Qxd4 e5 12.Qb6 Qxb6 13.Bxb6 Be6 14.f3 Rc8 15.a4 Bd8
16.Rxd6 Be7 17.Rdd1 Bb4 18.Nd5 Bxd5 19.exd5 Ke7 20.Kb1 Kd6 21.Bf2 Rhe8 22.c3 Bc5
23.Be1 a5 24.Bb5 Re7 25.g4 Be3 26.Rd3 Bc5 27.Bg3 Kc7 28.Re1 Bd6 29.c4 b6
30.Rde3 e4 31.fxe4 Bxg3 32.Rxg3 Kd6 33.Kc2 Rxe4 34.Rxe4 Nxe4 35.Re3 Nc5 36.Kc3 Rf8
37.b4 axb4+ 38.Kxb4 f5 39.gxf5 Rxf5 40.a5 bxa5+ 41.Kxa5 Rf8 42.Kb4 g5 43.Be8 Na6+
44.Kc3 Nc7 45.Bc6 Rf4 46.Kb4 g4 47.Bb7 h5 48.h3 Rd4 49.hxg4 hxg4 50.Rg3 Ne8
51.Rg1 Nf6 52.Rf1 Nd7 53.Rg1 Nb6 54.Kb5 Nxc4 55.Bc8 Na3+ 56.Ka5 Rxd5+ 57.Ka4  1/2-1/2

[Event "Ostend op"]
[Site "Ostend"]
[Date "1987.??.??"]
[Round "3"]
[White "Timmerman, Gert J"]
[Black "Piket, Jeroen"]
[Result "0-1"]
[WhiteElo "2295"]
[BlackElo "2450"]

1.e4 c5 2.Nf3 d6 3.d4 cxd4 4.Nxd4 Nf6 5.Nc3 Nc6 6.Bg5 Bd7 7.Be2 Qa5 8.Bxf6 gxf6
9.Nb3 Qg5 10.Nd5 O-O-O 11.O-O f5 12.f4 Qg7 13.exf5 Bxf5 14.c3 Be4 15.Bf3 Bxf3
16.Qxf3 e6 17.Ne3 d5 18.a4 Kb8 19.a5 a6 20.Ra4 Bd6 21.Nc2 h5 22.Nbd4 Nxd4
23.Nxd4 Rc8 24.Kh1 Rhg8 25.Qe2 Ka8 26.Nf3 Rc7 27.Ne5 f6 28.Nd3 Qg6 29.f5 exf5
30.Rd4 Re7 31.Qf2 Bb8 32.Rxd5 Ba7 33.Nc5 Re5 34.Rxe5 fxe5 35.b4 Bxc5 36.bxc5 f4
37.Qa2 Rd8 38.h3 Qd3 39.Rf3 Qd5 40.Qxd5 Rxd5 41.g3 fxg3 42.Rxg3 Rxc5 43.Rg5 Rxa5
44.Rxh5 Rc5 45.Kg2 a5 46.Rf5 a4 47.h4 a3 48.h5 a2 49.Rf1 Rxc3 50.Ra1 Ra3
51.h6 Ra6 52.h7 Rh6 53.Rxa2+ Kb8 54.Kf3 Rxh7 55.Ke4 Re7 56.Rb2 Kc7 57.Rc2+ Kd6
58.Rd2+ Kc5 59.Rc2+ Kb4 60.Rb2+ Kc4 61.Rb6 Kc5 62.Rb1 b5 63.Rc1+ Kb6 64.Rb1 Re8  0-1

[Event "Ostend op"]
[Site "Ostend"]
[Date "1987.??.??"]
[Round "7"]
[White "Watson, William N"]
[Black "Conquest, Stuart"]
[Result "1/2-1/2"]
[WhiteElo "2530"]
[BlackElo "2395"]

1.e4 c5 2.Nf3 d6 3.d4 cxd4 4.Nxd4 Nf6 5.Nc3 Nc6 6.Bg5 e6 7.Qd2 Be7 8.O-O-O O-O
9.Nb3 Qb6 10.f3 Rd8 11.h4 d5 12.exd5 Nxd5 13.Nxd5 Rxd5 14.Bd3 Nb4 15.Qe2 f6
16.Be3 Nxd3+ 17.Rxd3 Qa6 18.Rhd1  1/2-1/2

[Event "Pancevo"]
[Site "Pancevo"]
[Date "1987.??.??"]
[Round "?"]
[White "Tringov, Georgi P"]
[Black "Rodriguez, Amador"]
[Result "0-1"]
[WhiteElo "2430"]
[BlackElo "2515"]

1.e4 c5 2.Nf3 d6 3.d4 cxd4 4.Nxd4 Nf6 5.Nc3 Nc6 6.Bg5 e6 7.Qd2 a6 8.O-O-O h6
9.Be3 Be7 10.f3 Nxd4 11.Bxd4 b5 12.Kb1 e5 13.Bf2 Be6 14.g4 b4 15.Nd5 Bxd5
16.exd5 Qb8 17.h4 Bd8 18.Qe2 Kf8 19.f4 exf4 20.Qf3 Bb6 21.Bd4 Nd7 22.Qxf4 a5
23.Bxb6 Qxb6 24.Bd3 Ne5 25.Rhf1 Re8 26.g5 Re7 27.g6 f6 28.Qf5 Re8 29.Be2 Ke7
30.Bg4 Kd8 31.Bh3 Kc7 32.Qe4 Rb8 33.Be6 Rhe8 34.b3 Kb7 35.Rde1 Qc5 36.Kc1 Ka7
37.Rd1  0-1

[Event "Philadelphia op"]
[Site "Philadelphia"]
[Date "1987.??.??"]
[Round "?"]
[White "Blocker, Calvin"]
[Black "Dlugy, Maxim"]
[Result "0-1"]
[WhiteElo "2370"]
[BlackElo "2520"]

1.e4 c5 2.Nf3 Nc6 3.d4 cxd4 4.Nxd4 Nf6 5.Nc3 d6 6.Bg5 e6 7.Qd2 a6 8.O-O-O h6
9.Be3 Nxd4 10.Bxd4 b5 11.f3 Bb7 12.g4 Qc7 13.Qe1 Rc8 14.Qf2 b4 15.Na4 e5
16.Bb6 Qc6 17.b3 d5 18.exd5 Nxd5 19.Bc4 Nxb6 20.Qxb6 Be7 21.Qxc6+ Bxc6 22.Nb6 Rd8
23.Bd5 Bxd5 24.Nxd5 Bd6 25.Rhe1 O-O 26.h4 a5 27.Ne3 e4 28.fxe4 Bg3 29.Rxd8 Rxd8
30.Rd1 Re8 31.Rd4 Bxh4 32.Kd1 Re5 33.Nc4 Rc5 34.e5 Bg3 35.Rd8+ Kh7 36.Re8 g6
37.Ke2 h5 38.gxh5 gxh5 39.Kf3 h4 40.Kg4 Rd5 41.e6 f5+ 42.Kh3 Kg7 43.Rh8 Kf6
44.Rh6+ Ke7 45.Nb6 Rd2 46.Nc8+ Kd8  0-1

[Event "Bohemians"]
[Site "Prague"]
[Date "1987.??.??"]
[Round "?"]
[White "Prandstetter, Eduard"]
[Black "Trepp, Markus"]
[Result "1/2-1/2"]
[WhiteElo "2430"]
[BlackElo "2405"]

1.e4 c5 2.Nf3 Nc6 3.d4 cxd4 4.Nxd4 Nf6 5.Nc3 d6 6.Bg5 e6 7.Qd2 Be7 8.O-O-O Nxd4
9.Qxd4 O-O 10.e5 dxe5 11.Qxe5 Bd7 12.h4 Rc8 13.Rh3 Qc7 14.Qxc7 Rxc7 15.Nb5 Bxb5
16.Bxb5 Rfc8 17.Bd3 Nd5 18.Bxe7 Rxe7 19.Bf1 Rec7 20.c3 Kf8 21.Kb1 Rd8 22.Rhd3 Rcd7
23.c4 Nf6 24.Rxd7 Rxd7 25.Rxd7 Nxd7 26.Kc2 Ke7 27.b4 b6 28.Kb3 Kd6 29.Ka4 Kc6
30.Be2 a6 31.c5 bxc5 32.b5+ Kb6 33.bxa6 Nf6 34.Bd3 Ng4 35.a7 Kxa7 36.Kb5 Nxf2
37.Bxh7 c4 38.Kxc4 Ng4 39.Be4 Kb6 40.Kd4 Kb5 41.Bf3 Nh6 42.Ke5 Nf5 43.h5 Kc5
44.g4 Nd4 45.Bd1 Nc6+ 46.Ke4 f6 47.Ba4 Ne7 48.Bb3 Kd6 49.Kf4 g5+ 50.Kg3 Ng8
51.a4 Nh6 52.a5 Kc6 53.a6 Kb6 54.Bc4 f5 55.gxf5 exf5 56.Bd3 Ka7 57.Kf3 Kb6
58.Ke3 Ka7 59.Kd4 f4 60.Ke4 Kb6 61.Be2 Ka7 62.Ke5 Kb6 63.Ke4 Ka7 64.Ke5 Kb6
65.Bc4 f3 66.Ke4 g4 67.Kf4 Ka7 68.Bd5 Kxa6 69.Kg5 Ng8 70.Kxg4  1/2-1/2

[Event "Bohemians"]
[Site "Prague"]
[Date "1987.??.??"]
[Round "?"]
[White "Damjanovic, Mato"]
[Black "Trepp, Markus"]
[Result "1/2-1/2"]
[WhiteElo "2325"]
[BlackElo "2405"]

1.e4 c5 2.Nf3 Nc6 3.d4 cxd4 4.Nxd4 Nf6 5.Nc3 d6 6.Bg5 e6 7.Qd2 a6 8.O-O-O h6
9.Bf4 Bd7 10.Bg3 Be7 11.f3 Ne5 12.f4 Nh5 13.Be2 Nxg3 14.hxg3 Nc6 15.Kb1 Rc8
16.Nxc6 Rxc6  1/2-1/2

[Event "PRC-chT"]
[Site "?"]
[Date "1987.??.??"]
[Round "?"]
[White "Yang Xian"]
[Black "Wang Zili"]
[Result "1-0"]
[WhiteElo "2305"]
[BlackElo "2310"]

1.e4 c5 2.Nf3 Nc6 3.d4 cxd4 4.Nxd4 Nf6 5.Nc3 d6 6.Bg5 Bd7 7.Qd2 Nxd4 8.Qxd4 Qa5
9.Bd2 Rc8 10.Bd3 Qc5 11.Qxc5 dxc5 12.e5 Ng4 13.f4 Nh6 14.b3 e6 15.O-O-O Be7
16.h3 Bc6 17.Be4 O-O 18.g4 c4 19.Kb1 Rc7 20.Bxc6 Rxc6 21.Ne4 Rfc8 22.Be3 b6
23.Rd7 R6c7 24.Rhd1 cxb3 25.cxb3 Kf8 26.Bc1 f5 27.exf6 gxf6 28.f5 Rxd7 29.Rxd7 exf5
30.Nd6 Rxc1+ 31.Kxc1 fxg4 32.hxg4 Nxg4 33.Nf5 Ba3+ 34.Kc2 a5 35.Rxh7 Bc5
36.Kd3 Nf2+ 37.Kc4 Kg8 38.Rg7+ Kh8 39.Kd5 Nd3 40.Ke6 Nf4+ 41.Kf7  1-0

[Event "PRC-chT"]
[Site "?"]
[Date "1987.??.??"]
[Round "?"]
[White "Yang Xian"]
[Black "Ma Hongding"]
[Result "1/2-1/2"]
[WhiteElo "2305"]
[BlackElo "2280"]

1.e4 c5 2.Nf3 Nc6 3.d4 cxd4 4.Nxd4 Nf6 5.Nc3 d6 6.Bg5 e6 7.Qd2 Be7 8.O-O-O O-O
9.Nb3 Qb6 10.f3 a6 11.h4 Qc7 12.h5 h6 13.Bxf6 Bxf6 14.Qxd6 Qb6 15.Qc5 Qc7
16.Qd6 Qb6 17.Qc5 Qc7 18.Qd6 Qb6  1/2-1/2

[Event "Primorsko op"]
[Site "Primorsko"]
[Date "1987.??.??"]
[Round "4"]
[White "Lukov, Valentin"]
[Black "Todorov, Ognjan"]
[Result "1/2-1/2"]
[WhiteElo "2425"]
[BlackElo "2330"]

1.e4 c5 2.Nf3 d6 3.d4 cxd4 4.Nxd4 Nf6 5.Nc3 Nc6 6.Bg5 e6 7.Qd2 Nxd4 8.Qxd4 Be7
9.f4 O-O 10.O-O-O Qa5 11.Bc4 Bd7 12.e5 dxe5 13.fxe5 Bc6 14.h4 Rfd8 15.Qf4 Nh5
16.Qg4 Bxg5+ 17.Qxg5 g6 18.g4 Bxh1 19.Rxh1 Ng3 20.h5 Nxh1 21.hxg6 hxg6 22.Bxe6 fxe6
23.Qxg6+  1/2-1/2

[Event "Reggio Emilia8788-B"]
[Site "Reggio Emilia"]
[Date "1987.??.??"]
[Round "1"]
[White "Wagman, Stuart"]
[Black "Belotti, Bruno"]
[Result "1/2-1/2"]
[WhiteElo "2265"]
[BlackElo "2340"]

1.e4 c5 2.Nf3 d6 3.d4 cxd4 4.Nxd4 Nf6 5.Nc3 Nc6 6.Bg5 e6 7.Qd2 Be7 8.O-O-O O-O
9.f4 Nxd4 10.Qxd4 Qa5 11.Bc4 Bd7 12.e5 dxe5 13.fxe5 Bc6 14.Bd2 Nd7 15.Nd5 Qd8
16.Nxe7+ Qxe7 17.Rhe1 Rfd8 18.Qg4 Nf8 19.Bd3 Qc5 20.Bb4 Qb6 21.Bd6 Rac8 22.Kb1 Bb5
23.c4 Ba4 24.Rc1 Rxd6 25.exd6 Qxd6 26.Qe2 Qxh2 27.Rh1 Qd6 28.Bxh7+ Nxh7 29.Rxh7 Kxh7
30.Qh5+ Kg8 31.Rh1 Kf8 32.Qh8+ Ke7 33.Qxc8 Bc6 34.a3 Bxg2 35.Rg1 Be4+ 36.Ka2 Bc6
37.Rxg7 Qf4 38.Kb3 Qd6 39.Qg8 Qd3+ 40.Kb4 Qd2+ 41.Kb3 Qd3+  1/2-1/2

[Event "Reggio Emilia8788-B"]
[Site "Reggio Emilia"]
[Date "1987.??.??"]
[Round "10"]
[White "Wagman, Stuart"]
[Black "Paoli, Enrico"]
[Result "1/2-1/2"]
[WhiteElo "2265"]
[BlackElo "2220"]

1.e4 c5 2.Nf3 Nc6 3.d4 cxd4 4.Nxd4 Nf6 5.Nc3 d6 6.Bg5 e6 7.Qd2 Be7 8.O-O-O O-O
9.Nb3 Qb6 10.f3 Rd8 11.Qe1  1/2-1/2

[Event "Riga op"]
[Site "Riga"]
[Date "1987.??.??"]
[Round "?"]
[White "Kuzmin, Gennadi P"]
[Black "Lanka, Zigurds"]
[Result "1/2-1/2"]
[WhiteElo "2470"]
[BlackElo "2375"]

1.e4 c5 2.Nf3 Nc6 3.d4 cxd4 4.Nxd4 Nf6 5.Nc3 d6 6.Bg5 e6 7.Qd2 a6 8.O-O-O h6
9.Bf4 Bd7 10.Nxc6 Bxc6 11.Qe1 Be7 12.e5 Nh5 13.Be3 Qc7 14.Be2 g6 15.Bxh5 gxh5
16.Qe2 dxe5 17.Qxh5 b5 18.Rd2 b4 19.Ne2 Bxg2 20.Rg1 Bd5 21.f4 Bf6 22.Rf1 O-O-O
23.fxe5 Qxe5 24.Qxe5 Bxe5 25.Rxf7 Rdf8 26.Rxf8+ Rxf8 27.Ng3 Rf3 28.Bxh6 Bxg3
29.hxg3 Rxg3 30.Bf4  1/2-1/2

[Event "Spijkenisse"]
[Site "Spijkenisse"]
[Date "1987.??.??"]
[Round "1"]
[White "Riemersma, Liafbern"]
[Black "Piket, Jeroen"]
[Result "0-1"]
[WhiteElo "2420"]
[BlackElo "2470"]

1.e4 c5 2.Nf3 d6 3.d4 cxd4 4.Nxd4 Nf6 5.Nc3 Nc6 6.Bg5 e6 7.Qd2 h6 8.Bxf6 gxf6
9.O-O-O a6 10.f4 Bd7 11.Kb1 Qc7 12.Be2 h5 13.Bf3 Nxd4 14.Qxd4 Be7 15.Rhe1 O-O-O
16.Na4 Kb8 17.Re3 e5 18.Qb4 Rhe8 19.Rc3 d5 20.Qb3 Qa5 21.Nb6 d4 22.Nxd7+ Rxd7
23.Bxh5 Rh8 24.Rh3 d3 25.cxd3 exf4 26.Bg4 Rxh3 27.Bxh3 Rc7 28.Qxf7 Qc5 29.Qb3 Qe3
30.Bf5 Qe2 31.Bh3 Bc5 32.Qc2 Qh5 33.Rc1 f3 34.Qd1 Be3 35.Rxc7 fxg2 36.Rc8+ Ka7
37.Qxh5 g1=Q+ 38.Kc2 Qxh2+ 39.Kb3 Bd4 40.Rc2 Qd6 41.Qd5 Qb6+ 42.Ka3 a5 43.b3 Qb4+  0-1

[Event "Tatran Cup"]
[Site "Stary Smokovec"]
[Date "1987.??.??"]
[Round "?"]
[White "Lengyel, Bela"]
[Black "Robatsch, Karl"]
[Result "1/2-1/2"]
[WhiteElo "2425"]
[BlackElo "2410"]

1.e4 c5 2.Nf3 d6 3.d4 cxd4 4.Nxd4 Nf6 5.Nc3 Nc6 6.Bg5 Bd7 7.Be2 Qa5 8.Bxf6 gxf6
9.O-O Nxd4 10.Qxd4 Rc8 11.Kh1 Qc5 12.Qd2 Rg8 13.f4 f5 14.exf5 Bc6 15.Bf3 Qxf5
16.Rae1 Bxf3 17.Rxf3 Rg6 18.Rd3 Re6 19.Rf1 Bg7 20.Nd5 Bxb2 21.c3 Ba3 22.Qd1 Qe4
23.f5 Re5 24.f6 e6 25.Ne7 Rd8 26.c4 Rg5 27.Rdf3 Bc5 28.Qd2 Re5 29.Qh6 Qg4
30.Rg3 Rh5 31.Qg7 Qxg7 32.fxg7 Kxe7 33.g8=Q Rxg8 34.Rxg8  1/2-1/2

[Event "SWE-ch"]
[Site "Stockholm"]
[Date "1987.??.??"]
[Round "?"]
[White "Winsnes, Rikard"]
[Black "Schneider, Lars Ake"]
[Result "0-1"]
[WhiteElo "2290"]
[BlackElo "2425"]

1.e4 c5 2.Nf3 Nc6 3.d4 cxd4 4.Nxd4 Nf6 5.Nc3 d6 6.Bg5 e6 7.Qd2 a6 8.O-O-O Bd7
9.f4 Be7 10.Nf3 b5 11.Bxf6 gxf6 12.f5 Qb6 13.Kb1 h5 14.g3 O-O-O 15.Bh3 Kb8
16.Ne2 Ne5 17.Nfd4 Nc4 18.Qd3 e5 19.Nb3 Ne3 20.Rde1 d5 21.Nc3 d4 22.Rxe3 dxe3
23.Nd5 Qd6 24.Na5 Rc8 25.Qxe3 Bd8 26.Nb3 Bc6 27.Rd1 Bxd5 28.exd5 Bb6 29.Qd3 h4
30.g4 Rc4 31.c3 e4 32.Qe2 e3 33.Nc1 Rd8 34.Nd3 Ka7 35.Nb4 a5 36.Nc2 Qf4 37.Na3 Rc5
38.Nxb5+ Kb8 39.Nd4 Qf2 40.Qa6 Rd6 41.Bf1 Rcxd5 42.Qd3 Bxd4 43.cxd4 Rb6 44.Qc2 Rd7
45.d5 Qxc2+ 46.Kxc2 Rc7+ 47.Kb1 Kc8 48.Re1 Re7 49.Kc2 Rb4 50.h3 Rd4 51.Ba6+ Kd8
52.a3 Rxd5 53.b4 axb4 54.axb4 Rd2+ 55.Kc3 Rh2 56.b5 Kc7 57.Kd3 Kb6 58.Rc1 Rd2+
59.Kc3 Rc7+  0-1

[Event "Rilton Cup"]
[Site "Stockholm"]
[Date "1987.??.??"]
[Round "?"]
[White "Bator, Robert"]
[Black "Dukaczewski, Piotr"]
[Result "1-0"]
[WhiteElo "2405"]
[BlackElo "2205"]

1.e4 c5 2.Nf3 Nc6 3.d4 cxd4 4.Nxd4 Nf6 5.Nc3 d6 6.Bg5 e6 7.Qd3 Be7 8.O-O-O O-O
9.f4 h6 10.Nxc6 bxc6 11.h4 e5 12.Be2 Rb8 13.Bxf6 Bxf6 14.Qxd6 Qb6 15.Na4 Qe3+
16.Kb1 Be6 17.Bd3 exf4 18.Rhe1 Qg3 19.e5 Bxh4 20.Qxc6 g6 21.Rh1 h5 22.Nc5 Rb6
23.Qa4 Bd5 24.Ne4 Bxe4 25.Qxe4 Re8 26.Bc4 Kg7 27.Bb3 Qg4 28.Qc4 Re7 29.Qc3 Qg3
30.Qd4 Bg5 31.a3 Qe3 32.Rhe1 Qxd4 33.Rxd4 Bh4 34.Re2 Bg3 35.Bd5 g5 36.c4 Rb8
37.b4 g4 38.Kc2 Rbe8 39.Rde4 f3 40.gxf3 gxf3 41.R2e3 Bxe5 42.Rxf3 f6 43.Rh4 Kg6
44.Rh1 Rh8 45.Be4+ Kg7 46.Rfh3 Bc7 47.Bf5 Re2+ 48.Kb3 Bf4 49.Rxh5 Rxh5 50.Rxh5 Rh2
51.Rxh2 Bxh2 52.c5 Kf7 53.Kc4 Bf4 54.Kb5 Ke7 55.Ka6 Bc1 56.Kxa7 Kd8 57.Kb7  1-0

[Event "SWE-ch"]
[Site "Stockholm"]
[Date "1987.??.??"]
[Round "?"]
[White "Hartman, Christer"]
[Black "Schneider, Lars Ake"]
[Result "0-1"]
[WhiteElo "2315"]
[BlackElo "2425"]

1.e4 c5 2.Nf3 Nc6 3.d4 cxd4 4.Nxd4 Nf6 5.Nc3 d6 6.Bg5 e6 7.Qd2 a6 8.O-O-O Bd7
9.f4 Be7 10.Nf3 b5 11.Bxf6 gxf6 12.Bd3 Qb6 13.Kb1 Qc5 14.f5 b4 15.Ne2 a5
16.Nf4 a4 17.Rhe1 Ne5 18.fxe6 fxe6 19.Be2 O-O 20.Nd4 Qc8 21.Bb5 Bxb5 22.Nxb5 Nc4
23.Qd3 Kh8 24.Qh3 Rg8 25.Nxe6 b3 26.cxb3 axb3 27.axb3 Nxb2 28.Kxb2 Ra2+ 29.Kxa2 Qc2+
30.Ka3 d5+ 31.Ka4 Ra8+ 32.Na7 Rxa7+ 33.Kb5 Rb7+ 34.Ka6 Qc6+ 35.Ka5 Qb5+  0-1

[Event "Rilton Cup"]
[Site "Stockholm"]
[Date "1987.??.??"]
[Round "?"]
[White "Westerinen, Heikki MJ"]
[Black "Markovic, Miroslav"]
[Result "1-0"]
[WhiteElo "2370"]
[BlackElo "2255"]

1.e4 c5 2.Nf3 Nc6 3.d4 cxd4 4.Nxd4 Nf6 5.Nc3 d6 6.Bg5 e6 7.Qd2 Be7 8.O-O-O O-O
9.Nb3 a6 10.Bxf6 gxf6 11.Kb1 b5 12.Bd3 b4 13.Ne2 e5 14.Bc4 Kh8 15.Qh6 Qe8
16.Rxd6 Bxd6 17.Qxf6+ Kg8 18.Qg5+ Kh8 19.Qf6+ Kg8 20.Qxd6 Be6 21.Bd5 Rc8
22.Rd1 Rd8 23.Qc5 Ne7 24.Rd3 Qd7 25.Bc4 Qe8 26.Bxa6 Rxd3 27.Bxd3 Ng6 28.Qxb4 Qa8
29.g3 Bxb3 30.cxb3 Qa7 31.Qe1 Ne7 32.Nc3 Rd8 33.Bc4 Nc6 34.Bd5 Nb4 35.Qd2 Qe7
36.a3 Nc6 37.f4 Kg7 38.b4 f5 39.Qf2 Nd4 40.exf5 Nxf5 41.Qe2 Nd4 42.Qxe5+ Qxe5
43.fxe5 Kg6 44.Be4+ Kf7 45.a4 Ke6 46.a5 Rd7 47.b5 Nb3 48.Bc6 Rd8 49.a6 Nd2+
50.Ka2 Nc4 51.a7 Nb6 52.Kb3 Kxe5 53.Na4  1-0

[Event "URS-FL"]
[Site "Sverdlovsk"]
[Date "1987.??.??"]
[Round "?"]
[White "Balashov, Yuri S"]
[Black "Tukmakov, Vladimir B"]
[Result "1-0"]
[WhiteElo "2550"]
[BlackElo "2580"]

1.e4 c5 2.Nf3 d6 3.d4 cxd4 4.Nxd4 Nf6 5.Nc3 Nc6 6.Bg5 e6 7.Qd2 a6 8.O-O-O h6
9.Be3 Nxd4 10.Bxd4 b5 11.f4 Be7 12.Be2 b4 13.Na4 Nxe4 14.Qe3 Nf6 15.Bf3 Rb8
16.Ba7 Rb5 17.Bb6 Qd7 18.Nc5 dxc5 19.Rxd7 Bxd7 20.Bc7 O-O 21.Rd1 Rc8 22.Bd6 Bd8
23.Be5 Be8 24.Rd6 a5 25.Be2 Rb6 26.Qd3 Rbb8 27.Rxd8 Rxd8 28.Qg3 Kf8 29.Bxb8 Rxb8
30.f5 Rb6 31.Bf3 Nd5 32.fxe6 fxe6 33.Qf2  1-0

[Event "BCF-ch"]
[Site "Swansea"]
[Date "1987.??.??"]
[Round "?"]
[White "Rogers, Ian"]
[Black "Conquest, Stuart"]
[Result "1/2-1/2"]
[WhiteElo "2535"]
[BlackElo "2395"]

1.e4 c5 2.Nf3 d6 3.d4 cxd4 4.Nxd4 Nf6 5.Nc3 Nc6 6.Bg5 e6 7.Qd2 Be7 8.O-O-O O-O
9.f4 h6 10.Bxf6 Bxf6 11.Nxc6 bxc6 12.Qxd6 Qb6 13.e5 Rd8 14.Qa3 Qe3+ 15.Kb1 Rxd1+
16.Nxd1 Qxa3 17.bxa3 Be7 18.c3 Bxa3 19.Kc2 Rb8 20.Bc4 Bb7 21.Re1 g5 22.fxg5 hxg5
23.Ne3 Ba8 24.Bb3 Be7 25.Bc4 c5 26.Re2 Kg7 27.h3 Be4+ 28.Bd3 Bc6 29.Nc4 Rd8
30.Nb2 Rd7 31.Be4 Bb5 32.Bd3 Bc6 33.Be4 Bb5 34.Bd3  1/2-1/2

[Event "BCF-ch"]
[Site "Swansea"]
[Date "1987.??.??"]
[Round "?"]
[White "Short, Nigel D"]
[Black "Pritchett, Craig William"]
[Result "1/2-1/2"]
[WhiteElo "2620"]
[BlackElo "2385"]

1.e4 c5 2.Nf3 d6 3.d4 cxd4 4.Nxd4 Nf6 5.Nc3 Nc6 6.Bg5 e6 7.Qd2 Be7 8.O-O-O Nxd4
9.Qxd4 O-O 10.f4 Qa5 11.Bc4 Bd7 12.e5 dxe5 13.fxe5 Bc6 14.Bd2 Nd7 15.Nd5 Qd8
16.Nxe7+ Qxe7 17.Rhe1 Rfd8 18.Qg4 Nf8 19.Bd3 Rxd3 20.cxd3 Qc5+ 21.Kb1 Qd5
22.Qe4 Qd7 23.Qe2 Ng6 24.g3 Ne7 25.Bb4 Nf5 26.Bc3 a5 27.Qd2  1/2-1/2

[Event "Toronto"]
[Site "Toronto"]
[Date "1987.??.??"]
[Round "?"]
[White "Findlay, Ian T"]
[Black "Wilder, Michael"]
[Result "0-1"]
[WhiteElo "2410"]
[BlackElo "2485"]

1.e4 c5 2.Nf3 d6 3.d4 cxd4 4.Nxd4 Nf6 5.Nc3 Nc6 6.Bg5 e6 7.Qd2 Be7 8.O-O-O O-O
9.f4 h6 10.Bh4 Nxd4 11.Qxd4 a6 12.Bd3 Rb8 13.Rhe1 b5 14.e5 dxe5 15.Qxe5 Qb6
16.Qe2 Qc7 17.Rf1 Bb7 18.g4 b4 19.g5 bxc3 20.gxf6 Qb6 21.bxc3 Bc5 22.Bf2 Bxf2
23.Rxf2 g6 24.h4 h5 25.Rg1 Rfd8 26.Rff1 Bd5 27.Kd2 Bc4 28.Rb1 Bxd3 29.cxd3 Qd6
30.Qe4 Rxb1 31.Rxb1 Qc5 32.Rb7 Qf2+ 33.Kc1 Qxh4 34.c4 Qxf6 35.c5 Qc3+  0-1

[Event "Trnava"]
[Site "Trnava"]
[Date "1987.??.??"]
[Round "?"]
[White "Mokry, Karel"]
[Black "Lanc, Alois"]
[Result "0-1"]
[WhiteElo "2485"]
[BlackElo "2495"]

1.e4 c5 2.Nf3 Nc6 3.d4 cxd4 4.Nxd4 Nf6 5.Nc3 d6 6.Bg5 e6 7.Qd2 Be7 8.O-O-O a6
9.f4 Qc7 10.Nf3 b5 11.Bxf6 gxf6 12.Kb1 Na5 13.f5 Bd7 14.Bd3 Nc4 15.Qh6 Rc8
16.fxe6 fxe6 17.Ne2 e5 18.Nh4 Be6 19.Ng3 Nxb2 20.Kxb2 Qc3+ 21.Kb1 Qa3 22.c4 Qb4+
23.Kc2 bxc4 24.Be2 Bd7 25.Bxc4 Rxc4+ 26.Kd3 Bb5 27.Ke3 Rc3+ 28.Kf2 Qc5+ 29.Ke1 Re3+  0-1